Cooperativas en Centroamérica: historia y marco jurídico

El cooperativismo como una forma de organización y su vinculación con el problema de cambio de la sociedad: el caso de Costa Rica. Se trata de una aproximación al estudio del cooperativismo, a apartir de experiencias surgidas del trabajo de capacitación dirigido a cooperativas campesinas de producci...

وصف كامل

محفوظ في:
التفاصيل البيبلوغرافية
مؤلف مشترك: Universidad Centroamericana José Simeón Cañas
التنسيق: غير معروف
منشور في: San Salvador: FUPAC
الموضوعات:
الوسوم: إضافة وسم
لا توجد وسوم, كن أول من يضع وسما على هذه التسجيلة!

MARC

LEADER 00000 a2200000 04500
001 20128
003
008 991231s d
040
090 |a 082901  
110 |a Universidad Centroamericana José Simeón Cañas  
245 |a Cooperativas en Centroamérica: historia y marco jurídico  
260 |a San Salvador:   |b FUPAC  
300 |a 311 p.  
520 |a El cooperativismo como una forma de organización y su vinculación con el problema de cambio de la sociedad: el caso de Costa Rica. Se trata de una aproximación al estudio del cooperativismo, a apartir de experiencias surgidas del trabajo de capacitación dirigido a cooperativas campesinas de producción agropecuaria. Plantea problemas teóricos relacionando el cooperativismo con los aspectos superestructurales y materiales de la sociedad. Enfoca algunas caracterísitcas de las coopertaivas en Costa Rica y las posibilidades de desarrollo del cooperativsimo como alternativa de organización de los sectores populares./ACM  
650 |a EMPRESAS AGRICOLAS  
650 |a COOPERATIVAS AGRICOLAS  
650 |a CAMBIO SOCIAL  
999 |c 13567  |d 13567